| 000 | 00412nam a2200169Ia 4500 | ||
|---|---|---|---|
| 003 | LK-CoDNM | ||
| 008 | 010623t1909 xxu||||| |||| 00| 1 eng d | ||
| 040 |
_aLK-CoDNM _dLK-CoDNM _eLK-CoDNM |
||
| 041 | _aeng | ||
| 080 | _a22 R 16 | ||
| 100 | _aRow,B.Suryanarain | ||
| 245 | _aThe Astrological Magazine | ||
| 260 |
_bAlbinion Press _aMadras _c1909 |
||
| 300 | _b32P., 23 cm | ||
| 650 | _aAstrology | ||
| 942 | _cBK | ||
| 999 |
_c87078 _d87078 |
||